000 00596cam a22002053a 4500
001 40432
003 PGUSA
005 20140828083913.0
008 120807s2012||||xxu|||||s|||||000 | eng d
040 _aPGUSA
_beng
042 _adc
100 1 _aStevens, Augusta de Grasse
245 1 0 _aMiss Hildreth :
_bA Novel, Volume 2
_h[electronic resource] /
_cAugusta de Grasse Stevens
260 _bProject Gutenberg,
_c2012
506 _aPublic domain in the USA.
516 _aElectronic text
830 0 _aProject Gutenberg
_v40432
856 4 0 _uhttp://www.gutenberg.org/ebooks/40432
942 _cEB
999 _c269685
_d269685